书目信息 |
| 题名: |
动漫技法造型篇
|
|
| 作者: | 赵桂静 主编 ;林雨 , 孙一博 副主编 | |
| 分册: | ||
| 出版信息: | 北京 化学工业出版社 2010.01 |
|
| 页数: | 106页 | |
| 开本: | 26cm | |
| 丛书名: | 漫酷傻瓜书 | |
| 单 册: | ||
| 中图分类: | J218.7 | |
| 科图分类: | ||
| 主题词: | 动画--技法(美术) | |
| 电子资源: | ||
| ISBN: | 978-7-122-06891-0 | |
| 000 | 00991nam 2200265 450 | |
| 001 | 0011266189 | |
| 005 | 20100510114019.17 | |
| 010 | @a978-7-122-06891-0@dCNY29.00 | |
| 100 | @a20100515d2010 em y0chiy0110 ea | |
| 101 | 0 | @achi |
| 102 | @aCN@b110000 | |
| 105 | @aa z 000yy | |
| 200 | 1 | @a动漫技法造型篇@Adong man ji fa zao xing pian@f赵桂静主编@g林雨, 孙一博副主编@Glin yu,sun yi bo fu zhu bian |
| 210 | @a北京@c化学工业出版社@d2010.01 | |
| 215 | @a106页@c图@d26cm | |
| 225 | 2 | @a漫酷傻瓜书 |
| 330 | @a造型可以说是动漫行业中最为重要的一个环节,它涉及一部作品的成败,甚至涉及作品未来的推广和使用。可以说一部作品的成败有一半的功劳都要归功于造型是否成功。所以如何能够设计好一个漂亮的造型就成为学习动漫绘画的重中之重。 | |
| 410 | 0 | @12001 @a漫酷傻瓜书 |
| 606 | 0 | @a动画@x技法(美术) |
| 690 | @aJ218.7@v4 | |
| 701 | 0 | @a赵桂静@Azhao gui jing@4主编 |
| 702 | 0 | @a林雨@Alin yu@4副主编 |
| 702 | 0 | @a孙一博@Asun yi bo@4副主编 |
| 801 | 0 | @aCN@c20100515 |
| 905 | @dJ218.7@eZ300-2@f3 | |
| 动漫技法造型篇/赵桂静主编/林雨, 孙一博副主编.-北京:化学工业出版社,2010.01 |
| 106页:图;26cm.-(漫酷傻瓜书) |
| ISBN 978-7-122-06891-0:CNY29.00 |
| 造型可以说是动漫行业中最为重要的一个环节,它涉及一部作品的成败,甚至涉及作品未来的推广和使用。可以说一部作品的成败有一半的功劳都要归功于造型是否成功。所以如何能够设计好一个漂亮的造型就成为学习动漫绘画的重中之重。 |
| ● |
| 相关链接 |
|
|
|
正题名:动漫技法造型篇
索取号:J218.7/Z300-2
 
预约/预借
| 序号 | 登录号 | 条形码 | 馆藏地/架位号 | 状态 | 备注 |
| 1 | 980990 | 209809901 | 社科库309/309社科库 74排2列5层/ [索取号:J218.7/Z300-2] | 在馆 | |
| 2 | 980991 | 209809910 | 社科库309/309社科库 74排2列5层/ [索取号:J218.7/Z300-2] | 在馆 | |
| 3 | 980992 | 209809929 | 社科库309/309社科库 74排2列5层/ [索取号:J218.7/Z300-2] | 在馆 |